[Event "Icelandic Team Championship 2019-21 - 1s"]
[Site "Reykjavik (round 1-5) and Self"]
[Date "2021.05.15"]
[Round "7.5"]
[White "Hjartarson, Johann"]
[Black "Gislason, Gudmundur"]
[Result "1-0"]
[WhiteElo "2523"]
[BlackElo "2308"]
[PlyCount "87"]
[EventDate "2019.10.03"]
[WhiteTeam "Víkingaklúbburinn a-sveit"]
[BlackTeam "Breiðablik, Bolungarvík og Reykjanes"]

1. e4 {[%emt 0:00:00]} c5 {[%emt 0:00:00]} 2. Nf3 {[%emt 0:00:00]} e6 {[%emt 0:
00:00]} 3. d4 {[%emt 0:00:00]} cxd4 {[%emt 0:00:00]} 4. Nxd4 {[%emt 0:00:00]}
a6 {[%emt 0:00:00]} 5. Bd3 {[%emt 0:00:00]} d6 {[%emt 0:00:00]} 6. O-O {
[%emt 0:00:00]} Nd7 {[%emt 0:00:00]} 7. c4 {[%emt 0:00:00]} Ngf6 {[%emt 0:00:
00]} 8. Nc3 {[%emt 0:00:00]} Be7 {[%emt 0:00:00]} 9. Be3 {[%emt 0:00:00]} O-O {
[%emt 0:00:00]} 10. f4 {[%emt 0:00:00]} Re8 {[%emt 0:00:00]} 11. Kh1 {[%emt 0:
00:00]} Qc7 {[%emt 0:00:00]} 12. Rc1 {[%emt 0:00:00]} g6 {[%emt 0:00:00]} 13.
b4 {[%emt 0:00:00]} Bf8 {[%emt 0:00:00]} 14. Nb3 {[%emt 0:00:00]} b6 {[%emt 0:
00:00]} 15. Qe2 {[%emt 0:00:00]} Bb7 {[%emt 0:00:00]} 16. Bg1 {[%emt 0:00:00]}
Bh6 {[%emt 0:00:00]} 17. Rc2 {[%emt 0:00:00]} Nh5 {[%emt 0:00:00]} 18. Be3 {
[%emt 0:00:00]} f5 {[%emt 0:00:00]} 19. exf5 {[%emt 0:00:00]} exf5 {[%emt 0:00:
00]} 20. Nd5 {[%emt 0:00:00]} Qd8 {[%emt 0:00:00]} 21. Qf2 {[%emt 0:00:00]} Rb8
{[%emt 0:00:00]} 22. h3 {[%emt 0:00:00]} Bxd5 {[%emt 0:00:00]} 23. cxd5 {
[%emt 0:00:00]} Qe7 {[%emt 0:00:00]} 24. Bc1 {[%emt 0:00:00]} Ndf6 {[%emt 0:00:
00]} 25. Nd4 {[%emt 0:00:00]} Ne4 {[%emt 0:00:00]} 26. Bxe4 {[%emt 0:00:00]}
Qxe4 {[%emt 0:00:00]} 27. Nc6 {[%emt 0:00:00]} Rbc8 {[%emt 0:00:00]} 28. Rc3 {
[%emt 0:00:00]} Bf8 {[%emt 0:04:48]} 29. Rd1 {[%emt 0:03:02]} Nf6 {[%emt 0:02:
40]} 30. a4 {[%emt 0:02:16]} b5 {[%emt 0:01:10]} 31. axb5 {[%emt 0:02:55]} axb5
{[%emt 0:00:06]} 32. Be3 {[%emt 0:01:16]} Ra8 {[%emt 0:00:27]} 33. Qd2 {
[%emt 0:02:28]} Nh5 {[%emt 0:02:42]} 34. Qd3 {[%emt 0:03:58]} Bg7 {[%emt 0:00:
48]} 35. Rb3 {[%emt 0:00:27]} Nxf4 {[%emt 0:01:20]} 36. Bxf4 {[%emt 0:00:20]}
Qxf4 {[%emt 0:00:36]} 37. Qxb5 {[%emt 0:00:03]} Ra2 {[%emt 0:01:18]} 38. Nd4 {
[%emt 0:01:06]} Qe4 {[%emt 0:01:15]} 39. Nf3 {[%emt 0:01:23]} Re2 {[%emt 0:01:
32]} 40. Qd3 {[%emt 0:00:46]} Qf4 {[%emt 0:00:24]} 41. b5 {[%emt 0:01:00]} Qg3
{[%emt 0:00:27]} 42. Rg1 {[%emt 0:00:27]} Bh6 {[%emt 0:01:44]} 43. b6 {[%emt 0:
00:34]} R2e3 {[%emt 0:00:54]} 44. Qc4 {[%emt 0:00:25]} 1-0

[Event "Icelandic Team Championship 2019-21 - 1s"]
[Site "Reykjavik (round 1-5) and Self"]
[Date "2021.05.15"]
[Round "7.5"]
[White "Stefansson, Vignir Vatnar"]
[Black "Gunnarsson, Jon Viktor"]
[Result "0-1"]
[WhiteElo "2340"]
[BlackElo "2436"]
[PlyCount "62"]
[EventDate "2019.10.03"]
[WhiteTeam "Breiðablik, Bolungarvík og Reykjanes"]
[BlackTeam "Víkingaklúbburinn a-sveit"]

1. d4 {[%emt 0:00:00]} Nf6 {[%emt 0:00:00]} 2. c4 {[%emt 0:00:00]} c5 {[%emt 0:
00:00]} 3. d5 {[%emt 0:00:00]} b5 {[%emt 0:00:00]} 4. cxb5 {[%emt 0:00:00]} a6
{[%emt 0:00:00]} 5. bxa6 {[%emt 0:00:00]} g6 {[%emt 0:00:00]} 6. Nc3 {[%emt 0:
00:00]} Bg7 {[%emt 0:00:00]} 7. e4 {[%emt 0:00:00]} O-O {[%emt 0:00:00]} 8. Nf3
{[%emt 0:00:00]} Qa5 {[%emt 0:00:00]} 9. Bd2 {[%emt 0:00:00]} Bxa6 {[%emt 0:00:
00]} 10. Bxa6 {[%emt 0:00:00]} Qxa6 {[%emt 0:00:00]} 11. Qe2 {[%emt 0:00:00]}
d6 {[%emt 0:00:00]} 12. Bg5 {[%emt 0:00:00]} Nbd7 {[%emt 0:00:00]} 13. Qxa6 {
[%emt 0:00:00]} Rxa6 {[%emt 0:00:00]} 14. Kd1 {[%emt 0:00:00]} Rb8 {[%emt 0:00:
00]} 15. Kc2 {[%emt 0:00:00]} Nxe4 {[%emt 0:00:00]} 16. Nxe4 {[%emt 0:00:00]}
Rxb2+ {[%emt 0:00:00]} 17. Kc1 {[%emt 0:00:00]} Rb4 {[%emt 0:00:00]} 18. Rb1 {
[%emt 0:00:00]} Rxe4 {[%emt 0:00:00]} 19. Rb7 {[%emt 0:00:00]} h6 {[%emt 0:00:
00]} 20. Rxd7 {[%emt 0:00:00]} hxg5 {[%emt 0:00:00]} 21. Rd8+ {[%emt 0:00:00]}
Bf8 {[%emt 0:00:00]} 22. Kb2 {[%emt 0:00:00]} Rb4+ {[%emt 0:00:00]} 23. Kc3 {
[%emt 0:00:00]} Ra3+ {[%emt 0:00:00]} 24. Kc2 {[%emt 0:00:00]} Rxa2+ {[%emt 0:
00:00]} 25. Kc3 {[%emt 0:00:00]} f6 {[%emt 0:00:00]} 26. h4 {[%emt 0:00:00]}
Kf7 {[%emt 0:00:00]} 27. Rxf8+ {[%emt 0:00:00]} Kxf8 {[%emt 0:00:00]} 28. hxg5
{[%emt 0:00:00]} Rxf2 {[%emt 0:00:00]} 29. gxf6 {[%emt 0:00:00]} exf6 {[%emt 0:
00:00]} 30. Rh8+ {[%emt 0:00:00]} Kg7 {[%emt 0:00:00]} 31. Rd8 {[%emt 0:00:00]}
Rxg2 {[%emt 0:02:25]} 0-1

[Event "Icelandic Team Championship 2019-21 - 1s"]
[Site "Reykjavik (round 1-5) and Self"]
[Date "2021.05.15"]
[Round "7.5"]
[White "Thorfinnsson, Bjorn"]
[Black "Einarsson, Halldor Gretar"]
[Result "1-0"]
[WhiteElo "2384"]
[BlackElo "2239"]
[PlyCount "83"]
[EventDate "2019.10.03"]
[WhiteTeam "Víkingaklúbburinn a-sveit"]
[BlackTeam "Breiðablik, Bolungarvík og Reykjanes"]

1. c4 {[%emt 0:00:00]} c5 {[%emt 0:00:00]} 2. g3 {[%emt 0:00:00]} Nf6 {[%emt 0:
00:00]} 3. Bg2 {[%emt 0:00:00]} g6 {[%emt 0:00:00]} 4. Nc3 {[%emt 0:00:00]} Bg7
{[%emt 0:00:00]} 5. Nf3 {[%emt 0:00:00]} Nc6 {[%emt 0:00:00]} 6. d4 {[%emt 0:
00:00]} cxd4 {[%emt 0:00:00]} 7. Nxd4 {[%emt 0:00:00]} O-O {[%emt 0:00:00]} 8.
O-O {[%emt 0:00:00]} Nxd4 {[%emt 0:00:00]} 9. Qxd4 {[%emt 0:00:00]} d6 {
[%emt 0:00:00]} 10. Rd1 {[%emt 0:00:00]} Be6 {[%emt 0:00:00]} 11. Qd3 {[%emt 0:
00:00]} Rc8 {[%emt 0:00:00]} 12. Bxb7 {[%emt 0:00:00]} Bxc4 {[%emt 0:00:00]}
13. Qe3 {[%emt 0:00:00]} Rc7 {[%emt 0:00:00]} 14. Bf3 {[%emt 0:00:00]} Qd7 {
[%emt 0:00:00]} 15. b3 {[%emt 0:00:00]} Ba6 {[%emt 0:00:00]} 16. Bb2 {[%emt 0:
00:00]} Qh3 {[%emt 0:00:00]} 17. Qd4 {[%emt 0:00:00]} Bb7 {[%emt 0:00:00]} 18.
Rac1 {[%emt 0:00:00]} Rc5 {[%emt 0:00:00]} 19. Ne4 {[%emt 0:00:00]} Bxe4 {
[%emt 0:00:00]} 20. Bxe4 {[%emt 0:00:00]} Rh5 {[%emt 0:00:00]} 21. Bf3 {
[%emt 0:00:00]} Qxh2+ {[%emt 0:00:00]} 22. Kf1 {[%emt 0:00:00]} e5 {[%emt 0:00:
00]} 23. Qxa7 {[%emt 0:00:00]} Rf5 {[%emt 0:01:40]} 24. Rc4 {[%emt 0:06:08]} e4
{[%emt 0:01:35]} 25. Bg2 {[%emt 0:01:16]} d5 {[%emt 0:01:28]} 26. Bxf6 {
[%emt 0:02:13]} Bxf6 {[%emt 0:00:31]} 27. Rc6 {[%emt 0:03:49]} Bg5 {[%emt 0:03:
28]} 28. Rc3 {[%emt 0:00:38]} Re8 {[%emt 0:00:49]} 29. Qd7 {[%emt 0:00:34]} Re7
{[%emt 0:03:53]} 30. Qd8+ {[%emt 0:00:43]} Kg7 {[%emt 0:00:05]} 31. Rc8 {
[%emt 0:00:42]} Kh6 {[%emt 0:01:19]} 32. g4 {[%emt 0:00:27]} Rxf2+ {[%emt 0:00:
21]} 33. Kxf2 {[%emt 0:00:06]} e3+ {[%emt 0:00:38]} 34. Kf1 {[%emt 0:00:12]}
Bf6 {[%emt 0:01:41]} 35. Qxd5 {[%emt 0:00:46]} Rd7 {[%emt 0:00:55]} 36. g5+ {
[%emt 0:00:36]} Bxg5 {[%emt 0:00:14]} 37. Qxd7 {[%emt 0:00:05]} Qf4+ {[%emt 0:
00:22]} 38. Kg1 {[%emt 0:00:08]} Qf2+ {[%emt 0:00:13]} 39. Kh1 {[%emt 0:00:04]}
f5 {[%emt 0:00:08]} 40. Rf1 {[%emt 0:01:05]} Qh4+ {[%emt 0:00:52]} 41. Kg1 {
[%emt 0:00:05]} Bf4 {[%emt 0:00:06]} 42. Rf3 {[%emt 0:01:08]} 1-0

[Event "Icelandic Team Championship 2019-21 - 1s"]
[Site "Reykjavik (round 1-5) and Self"]
[Date "2021.05.15"]
[Round "7.5"]
[White "Kjartansson, David"]
[Black "Ornolfsson, Magnus P."]
[Result "1/2-1/2"]
[WhiteElo "2327"]
[BlackElo "2191"]
[PlyCount "84"]
[EventDate "2019.10.03"]
[WhiteTeam "Víkingaklúbburinn a-sveit"]
[BlackTeam "Breiðablik, Bolungarvík og Reykjanes"]

1. d4 {[%emt 0:00:00]} Nf6 {[%emt 0:00:00]} 2. Bf4 {[%emt 0:00:00]} g6 {
[%emt 0:00:00]} 3. Nc3 {[%emt 0:00:00]} d5 {[%emt 0:00:00]} 4. e3 {[%emt 0:00:
00]} Bg7 {[%emt 0:00:00]} 5. Bd3 {[%emt 0:00:00]} O-O {[%emt 0:00:00]} 6. h4 {
[%emt 0:00:00]} h5 {[%emt 0:00:00]} 7. Nf3 {[%emt 0:00:00]} c5 {[%emt 0:00:00]}
8. dxc5 {[%emt 0:00:00]} Qa5 {[%emt 0:00:00]} 9. Qd2 {[%emt 0:00:00]} Qxc5 {
[%emt 0:00:00]} 10. a3 {[%emt 0:00:00]} Bg4 {[%emt 0:00:00]} 11. Nd4 {[%emt 0:
00:00]} Nbd7 {[%emt 0:00:00]} 12. f3 {[%emt 0:00:00]} e5 {[%emt 0:00:00]} 13.
Nb3 {[%emt 0:00:00]} Qb6 {[%emt 0:00:00]} 14. Bg5 {[%emt 0:00:00]} Be6 {
[%emt 0:00:00]} 15. Na4 {[%emt 0:00:00]} Qc6 {[%emt 0:00:00]} 16. Nc3 {[%emt 0:
00:00]} a6 {[%emt 0:00:00]} 17. e4 {[%emt 0:00:00]} d4 {[%emt 0:00:00]} 18. Ne2
{[%emt 0:00:00]} Bxb3 {[%emt 0:00:00]} 19. cxb3 {[%emt 0:00:00]} Nc5 {[%emt 0:
00:00]} 20. Nc1 {[%emt 0:00:00]} Rac8 {[%emt 0:00:00]} 21. b4 {[%emt 0:00:00]}
Nxd3+ {[%emt 0:00:00]} 22. Nxd3 {[%emt 0:00:00]} Nxe4 {[%emt 0:00:00]} 23. fxe4
{[%emt 0:00:00]} f6 {[%emt 0:00:00]} 24. Qe2 {[%emt 0:02:30]} fxg5 {[%emt 0:00:
00]} 25. hxg5 {[%emt 0:00:08]} Qe6 {[%emt 0:01:43]} 26. Rh3 {[%emt 0:02:40]} b6
{[%emt 0:03:38]} 27. Rd1 {[%emt 0:01:18]} Rc7 {[%emt 0:00:38]} 28. Rf3 {
[%emt 0:02:28]} Rxf3 {[%emt 0:03:49]} 29. Qxf3 {[%emt 0:00:12]} Rf7 {[%emt 0:
00:30]} 30. Qg3 {[%emt 0:00:44]} Qb3 {[%emt 0:01:20]} 31. Qh3 {[%emt 0:01:54]}
Rf1+ {[%emt 0:00:38]} 32. Kxf1 {[%emt 0:00:10]} Qxd1+ {[%emt 0:00:02]} 33. Ne1
{[%emt 0:01:41]} Qd2 {[%emt 0:01:04]} 34. Qb3+ {[%emt 0:00:42]} Kh7 {[%emt 0:
00:23]} 35. Nf3 {[%emt 0:00:07]} Qc1+ {[%emt 0:00:27]} 36. Kf2 {[%emt 0:01:52]}
Qb1 {[%emt 0:01:13]} 37. Nd2 {[%emt 0:00:42]} Qc1 {[%emt 0:00:55]} 38. Nf3 {
[%emt 0:00:41]} b5 {[%emt 0:00:27]} 39. Ke2 {[%emt 0:00:57]} Qb1 {[%emt 0:01:
23]} 40. Nd2 {[%emt 0:00:27]} Qc1 {[%emt 0:00:43]} 41. Nf3 {[%emt 0:00:24]} Qb1
{[%emt 0:00:34]} 42. Nd2 {[%emt 0:00:15]} Qc1 {[%emt 0:00:32]} 1/2-1/2

[Event "Icelandic Team Championship 2019-21 - 1s"]
[Site "Reykjavik (round 1-5) and Self"]
[Date "2021.05.15"]
[Round "7.5"]
[White "Johannsson, Birkir Isak"]
[Black "Sigurjonsson, Stefan Th."]
[Result "1/2-1/2"]
[WhiteElo "2032"]
[BlackElo "2078"]
[PlyCount "88"]
[EventDate "2019.10.03"]
[WhiteTeam "Breiðablik, Bolungarvík og Reykjanes"]
[BlackTeam "Víkingaklúbburinn a-sveit"]

1. c4 {[%emt 0:00:00]} e5 {[%emt 0:00:00]} 2. Nc3 {[%emt 0:00:00]} Nf6 {
[%emt 0:00:00]} 3. Nf3 {[%emt 0:00:00]} d6 {[%emt 0:00:00]} 4. d4 {[%emt 0:00:
00]} exd4 {[%emt 0:00:00]} 5. Nxd4 {[%emt 0:00:00]} Be7 {[%emt 0:00:00]} 6. g3
{[%emt 0:00:00]} O-O {[%emt 0:00:00]} 7. Bg2 {[%emt 0:00:00]} c6 {[%emt 0:00:
00]} 8. O-O {[%emt 0:00:00]} Qc7 {[%emt 0:00:00]} 9. b3 {[%emt 0:00:00]} Nbd7 {
[%emt 0:00:00]} 10. Bb2 {[%emt 0:00:00]} Nc5 {[%emt 0:00:00]} 11. Qd2 {[%emt 0:
00:00]} Re8 {[%emt 0:00:00]} 12. Rfe1 {[%emt 0:00:00]} a5 {[%emt 0:00:00]} 13.
Rad1 {[%emt 0:00:00]} Be6 {[%emt 0:00:00]} 14. h3 {[%emt 0:00:00]} Rad8 {
[%emt 0:00:00]} 15. e4 {[%emt 0:00:00]} Bc8 {[%emt 0:00:00]} 16. Kh2 {[%emt 0:
00:00]} Bf8 {[%emt 0:00:00]} 17. f4 {[%emt 0:00:00]} h5 {[%emt 0:00:00]} 18.
Qf2 {[%emt 0:00:00]} Bg4 {[%emt 0:00:00]} 19. Rd2 {[%emt 0:00:00]} Bc8 {
[%emt 0:00:00]} 20. Bf3 {[%emt 0:00:00]} Qd7 {[%emt 0:00:00]} 21. Qg2 {[%emt 0:
00:00]} d5 {[%emt 0:00:00]} 22. cxd5 {[%emt 0:00:00]} cxd5 {[%emt 0:02:58]} 23.
e5 {[%emt 0:00:00]} Nfe4 {[%emt 0:03:53]} 24. Nxe4 {[%emt 0:00:00]} dxe4 {
[%emt 0:00:29]} 25. Bxh5 {[%emt 0:00:02]} b6 {[%emt 0:02:40]} 26. Be2 {[%emt 0:
05:16]} e3 {[%emt 0:01:12]} 27. Rdd1 {[%emt 0:00:27]} Bb7 {[%emt 0:01:00]} 28.
Bf3 {[%emt 0:00:18]} Bxf3 {[%emt 0:01:17]} 29. Qxf3 {[%emt 0:00:16]} Qc7 {
[%emt 0:01:03]} 30. Qxe3 {[%emt 0:01:36]} Ne6 {[%emt 0:00:27]} 31. Rc1 {
[%emt 0:06:44]} Bc5 {[%emt 0:00:32]} 32. Qe4 {[%emt 0:00:49]} Qd7 {[%emt 0:00:
33]} 33. Nf3 {[%emt 0:00:22]} Qb5 {[%emt 0:00:35]} 34. Re2 {[%emt 0:00:57]} Rd7
{[%emt 0:00:35]} 35. f5 {[%emt 0:00:49]} Nd4 {[%emt 0:00:46]} 36. Nxd4 {
[%emt 0:01:04]} Bxd4 {[%emt 0:00:25]} 37. Bxd4 {[%emt 0:00:30]} Rxd4 {[%emt 0:
00:12]} 38. Qe3 {[%emt 0:00:30]} Rd3 {[%emt 0:00:17]} 39. Qf2 {[%emt 0:00:33]}
Rxe5 {[%emt 0:00:17]} 40. Rxe5 {[%emt 0:00:16]} Qxe5 {[%emt 0:00:07]} 41. Re1 {
[%emt 0:00:35]} Qd5 {[%emt 0:00:33]} 42. Re2 {[%emt 0:00:45]} Rd1 {[%emt 0:00:
54]} 43. Re1 {[%emt 0:00:35]} Rd2 {[%emt 0:00:12]} 44. Re2 {[%emt 0:00:00]} Rd1
{[%emt 0:00:14]} 1/2-1/2

[Event "Icelandic Team Championship 2019-21 - 1s"]
[Site "Reykjavik (round 1-5) and Self"]
[Date "2021.05.15"]
[Round "7.5"]
[White "Palsson, Halldor"]
[Black "Heidarsson, Arnar"]
[Result "1-0"]
[WhiteElo "1981"]
[BlackElo "1980"]
[PlyCount "101"]
[EventDate "2019.10.03"]
[WhiteTeam "Víkingaklúbburinn a-sveit"]
[BlackTeam "Breiðablik, Bolungarvík og Reykjanes"]

1. d4 {[%emt 0:00:00]} Nf6 {[%emt 0:00:00]} 2. c4 {[%emt 0:00:00]} e6 {[%emt 0:
00:00]} 3. Nc3 {[%emt 0:00:00]} Bb4 {[%emt 0:00:00]} 4. a3 {[%emt 0:00:00]}
Bxc3+ {[%emt 0:00:00]} 5. bxc3 {[%emt 0:00:00]} d5 {[%emt 0:00:00]} 6. e3 {
[%emt 0:00:00]} O-O {[%emt 0:00:00]} 7. Bd3 {[%emt 0:00:00]} b6 {[%emt 0:00:00]
} 8. Ne2 {[%emt 0:00:00]} Bb7 {[%emt 0:00:00]} 9. O-O {[%emt 0:00:00]} Nbd7 {
[%emt 0:00:00]} 10. cxd5 {[%emt 0:00:00]} exd5 {[%emt 0:00:00]} 11. Ng3 {
[%emt 0:00:00]} c5 {[%emt 0:00:00]} 12. f3 {[%emt 0:00:00]} Re8 {[%emt 0:00:00]
} 13. Ra2 {[%emt 0:00:00]} Qc7 {[%emt 0:00:00]} 14. Re2 {[%emt 0:00:00]} h5 {
[%emt 0:00:00]} 15. Qe1 {[%emt 0:00:00]} Rad8 {[%emt 0:00:00]} 16. e4 {[%emt 0:
00:00]} cxd4 {[%emt 0:00:00]} 17. cxd4 {[%emt 0:00:00]} g6 {[%emt 0:00:00]} 18.
e5 {[%emt 0:00:00]} Nh7 {[%emt 0:00:00]} 19. f4 {[%emt 0:00:00]} Ndf8 {[%emt 0:
00:00]} 20. f5 {[%emt 0:00:00]} h4 {[%emt 0:00:00]} 21. e6 {[%emt 0:00:39]}
fxe6 {[%emt 0:00:00]} 22. fxg6 {[%emt 0:00:38]} hxg3 {[%emt 0:00:00]} 23. Rf7 {
[%emt 0:05:39]} Rd7 {[%emt 0:00:00]} 24. Rc2 {[%emt 0:03:18]} Qd8 {[%emt 0:00:
00]} 25. Qxg3 {[%emt 0:01:15]} Nf6 {[%emt 0:00:00]} 26. Bg5 {[%emt 0:01:40]}
Rxf7 {[%emt 0:00:00]} 27. gxf7+ {[%emt 0:00:24]} Kxf7 {[%emt 0:00:00]} 28. Bh6
{[%emt 0:01:09]} Ke7 {[%emt 0:00:00]} 29. Qg7+ {[%emt 0:00:41]} Kd6 {[%emt 0:
00:00]} 30. Bf4+ {[%emt 0:00:15]} e5 {[%emt 0:00:00]} 31. dxe5+ {[%emt 0:00:18]
} Rxe5 {[%emt 0:00:00]} 32. Re2 {[%emt 0:00:24]} N8d7 {[%emt 0:00:00]} 33. Bf5
{[%emt 0:00:52]} Ba6 {[%emt 0:00:00]} 34. Re1 {[%emt 0:00:22]} Bc4 {[%emt 0:00:
00]} 35. g4 {[%emt 0:00:15]} b5 {[%emt 0:00:00]} 36. Bxd7 {[%emt 0:00:36]} Nxd7
{[%emt 0:00:00]} 37. Bxe5+ {[%emt 0:00:15]} Nxe5 {[%emt 0:00:00]} 38. Qxe5+ {
[%emt 0:00:09]} Kc6 {[%emt 0:00:00]} 39. Qe6+ {[%emt 0:01:20]} Kc5 {[%emt 0:00:
00]} 40. Qe7+ {[%emt 0:00:29]} Qxe7 {[%emt 0:00:00]} 41. Rxe7 {[%emt 0:00:13]}
a5 {[%emt 0:00:00]} 42. Kf2 {[%emt 0:00:28]} Kd4 {[%emt 0:00:00]} 43. h4 {
[%emt 0:00:35]} Kc3 {[%emt 0:00:00]} 44. h5 {[%emt 0:00:18]} d4 {[%emt 0:00:00]
} 45. h6 {[%emt 0:00:16]} Bd3 {[%emt 0:00:00]} 46. h7 {[%emt 0:00:31]} Bxh7 {
[%emt 0:00:00]} 47. Rxh7 {[%emt 0:00:08]} b4 {[%emt 0:00:00]} 48. axb4 {
[%emt 0:00:41]} axb4 {[%emt 0:00:00]} 49. Ke2 {[%emt 0:00:46]} d3+ {[%emt 0:00:
00]} 50. Kd1 {[%emt 0:00:08]} b3 {[%emt 0:00:00]} 51. g5 {[%emt 0:00:28]} 1-0

[Event "Icelandic Team Championship 2019-21 - 1s"]
[Site "Reykjavik (round 1-5) and Self"]
[Date "2021.05.15"]
[Round "7.5"]
[White "Briem, Benedikt"]
[Black "Baldursson, Haraldur"]
[Result "0-1"]
[WhiteElo "1903"]
[BlackElo "1890"]
[PlyCount "108"]
[EventDate "2019.10.03"]
[WhiteTeam "Breiðablik, Bolungarvík og Reykjanes"]
[BlackTeam "Víkingaklúbburinn a-sveit"]

1. d4 {[%emt 0:00:00]} Nf6 {[%emt 0:00:00]} 2. c4 {[%emt 0:00:00]} e6 {[%emt 0:
00:00]} 3. Nf3 {[%emt 0:00:00]} d5 {[%emt 0:00:00]} 4. Nc3 {[%emt 0:00:00]} c6
{[%emt 0:00:00]} 5. e3 {[%emt 0:00:00]} Nbd7 {[%emt 0:00:00]} 6. Be2 {[%emt 0:
00:00]} Bd6 {[%emt 0:00:00]} 7. O-O {[%emt 0:00:00]} O-O {[%emt 0:00:00]} 8. b3
{[%emt 0:00:00]} Qe7 {[%emt 0:00:00]} 9. Bb2 {[%emt 0:00:00]} b6 {[%emt 0:00:
00]} 10. Rc1 {[%emt 0:00:00]} Bb7 {[%emt 0:00:00]} 11. Bd3 {[%emt 0:00:00]}
dxc4 {[%emt 0:00:00]} 12. bxc4 {[%emt 0:00:00]} e5 {[%emt 0:00:00]} 13. c5 {
[%emt 0:00:00]} bxc5 {[%emt 0:00:00]} 14. dxe5 {[%emt 0:00:00]} Nxe5 {[%emt 0:
00:00]} 15. Ne4 {[%emt 0:00:00]} Nxe4 {[%emt 0:00:00]} 16. Bxe4 {[%emt 0:00:00]
} Ba6 {[%emt 0:00:00]} 17. Bxe5 {[%emt 0:00:00]} Bxe5 {[%emt 0:00:00]} 18. Re1
{[%emt 0:00:00]} Bxh2+ {[%emt 0:00:00]} 19. Kxh2 {[%emt 0:00:00]} Qxe4 {
[%emt 0:00:00]} 20. Rxc5 {[%emt 0:00:00]} Rfd8 {[%emt 0:00:00]} 21. Qb3 {
[%emt 0:00:00]} Rd6 {[%emt 0:00:00]} 22. Re5 {[%emt 0:00:00]} Qc4 {[%emt 0:00:
00]} 23. Re7 {[%emt 0:00:00]} h6 {[%emt 0:00:16]} 24. Rxa7 {[%emt 0:00:00]}
Rxa7 {[%emt 0:03:54]} 25. Qb8+ {[%emt 0:00:00]} Kh7 {[%emt 0:00:08]} 26. Qxa7 {
[%emt 0:00:00]} Qxa2 {[%emt 0:01:12]} 27. Rc1 {[%emt 0:00:00]} Rf6 {[%emt 0:05:
43]} 28. Kg1 {[%emt 0:00:00]} Qb2 {[%emt 0:00:50]} 29. Qc5 {[%emt 0:00:00]} Bb5
{[%emt 0:00:43]} 30. Rc2 {[%emt 0:00:00]} Qb1+ {[%emt 0:00:46]} 31. Kh2 {
[%emt 0:00:31]} Qf1 {[%emt 0:00:19]} 32. Nd4 {[%emt 0:01:44]} Rxf2 {[%emt 0:01:
06]} 33. Rxf2 {[%emt 0:00:10]} Qxf2 {[%emt 0:00:10]} 34. Nxb5 {[%emt 0:00:19]}
cxb5 {[%emt 0:00:12]} 35. Qxb5 {[%emt 0:00:07]} Kg6 {[%emt 0:00:49]} 36. Qe5 {
[%emt 0:01:29]} f6 {[%emt 0:00:23]} 37. Qe8+ {[%emt 0:01:57]} Kg5 {[%emt 0:00:
14]} 38. Qe7 {[%emt 0:00:29]} g6 {[%emt 0:00:21]} 39. Qe8 {[%emt 0:00:42]} Qf5
{[%emt 0:00:42]} 40. Qe7 {[%emt 0:00:23]} Qe5+ {[%emt 0:00:21]} 41. Qxe5+ {
[%emt 0:00:04]} fxe5 {[%emt 0:00:08]} 42. Kg3 {[%emt 0:00:12]} Kf5 {[%emt 0:02:
04]} 43. Kf3 {[%emt 0:00:11]} e4+ {[%emt 0:00:30]} 44. Kg3 {[%emt 0:00:03]} g5
{[%emt 0:00:31]} 45. Kh3 {[%emt 0:00:10]} h5 {[%emt 0:00:16]} 46. g4+ {[%emt 0:
01:00]} hxg4+ {[%emt 0:00:00]} 47. Kg3 {[%emt 0:00:00]} Kg6 {[%emt 0:00:35]}
48. Kxg4 {[%emt 0:03:11]} Kh6 {[%emt 0:00:27]} 49. Kf5 {[%emt 0:00:08]} Kh5 {
[%emt 0:00:15]} 50. Kxe4 {[%emt 0:00:07]} g4 {[%emt 0:01:19]} 51. Kd3 {[%emt 0:
00:04]} Kh4 {[%emt 0:00:24]} 52. Ke2 {[%emt 0:00:09]} Kh3 {[%emt 0:00:16]} 53.
e4 {[%emt 0:00:11]} g3 {[%emt 0:00:11]} 54. Kf1 {[%emt 0:00:04]} Kh2 {[%emt 0:
00:06] 0-1 (54) Benedikt Briem,B-Haraldur Björnsson,V Faxafen 12} 0-1

[Event "Icelandic Team Championship 2019-21 - 1s"]
[Site "Reykjavik (round 1-5) and Self"]
[Date "2021.05.15"]
[Round "8.1"]
[White "Steingrimsson, Hedinn"]
[Black "Gislason, Gudmundur"]
[Result "1-0"]
[WhiteElo "2510"]
[BlackElo "2308"]
[PlyCount "81"]
[EventDate "2019.10.03"]
[WhiteTeam "Skákdeild Fjölnis"]
[BlackTeam "Breiðablik, Bolungarvík og Reykjanes"]

1. Nf3 g6 2. c4 Bg7 3. e4 c5 4. d4 cxd4 5. Nxd4 Nc6 6. Be3 Nf6 7. Nc3 d6 8. Be2
O-O 9. O-O Bd7 10. Qd2 Nxd4 11. Bxd4 Bc6 12. f3 a6 13. Rfd1 Nd7 14. Be3 Rc8 15.
Rac1 Re8 16. b4 Nb6 17. Qc2 Qc7 18. Bf1 Bd7 19. Qf2 Na4 20. Nd5 Qb8 21. Qh4 f6
22. c5 dxc5 23. bxc5 Be6 24. Bf4 g5 25. Bxb8 gxh4 26. Bf4 Bxd5 27. Rxd5 e6 28.
Rh5 e5 29. Be3 Bf8 30. c6 b5 31. Rxh4 Re6 32. c7 Ba3 33. Rc2 Bd6 34. Rg4+ Kf7
35. Rh4 Kg8 36. g3 Rxc7 37. Bh3 Re8 38. Rxc7 Bxc7 39. Bf5 Bb6 40. Bxb6 Nxb6 41.
Rxh7 1-0

[Event "Icelandic Team Championship 2019-21 - 1s"]
[Site "Reykjavik (round 1-5) and Self"]
[Date "2021.05.15"]
[Round "8.1"]
[White "Jonsson, Bjorgvin"]
[Black "Ragnarsson, Dagur"]
[Result "1/2-1/2"]
[WhiteElo "2335"]
[BlackElo "2396"]
[PlyCount "47"]
[EventDate "2019.10.03"]
[WhiteTeam "Breiðablik, Bolungarvík og Reykjanes"]
[BlackTeam "Skákdeild Fjölnis"]

1. e4 e6 2. d4 d5 3. Nc3 Nf6 4. e5 Nfd7 5. f4 c5 6. Nf3 Nc6 7. Be3 Be7 8. Qd2
O-O 9. Be2 b6 10. h4 f6 11. dxc5 Nxc5 12. Bb5 Bb7 13. O-O-O Rc8 14. Kb1 Qc7 15.
Qe2 fxe5 16. Bxc6 Bxc6 17. Nxe5 Nd7 18. Nxc6 Qxc6 19. Nb5 Ra8 20. Nd4 Qd6 21.
Nb5 Qc6 22. Nd4 Qd6 23. Nb5 Qc6 24. Nd4 1/2-1/2

[Event "Icelandic Team Championship 2019-21 - 1s"]
[Site "Reykjavik (round 1-5) and Self"]
[Date "2021.05.15"]
[Round "8.1"]
[White "Bjornsson, Sigurbjorn"]
[Black "Stefansson, Vignir Vatnar"]
[Result "0-1"]
[WhiteElo "2327"]
[BlackElo "2340"]
[PlyCount "96"]
[EventDate "2019.10.03"]
[WhiteTeam "Skákdeild Fjölnis"]
[BlackTeam "Breiðablik, Bolungarvík og Reykjanes"]

1. e4 c5 2. Nf3 Nc6 3. d4 cxd4 4. Nxd4 Nf6 5. Nc3 h5 6. Bg5 Qa5 7. Bxf6 gxf6 8.
Nb3 Qe5 9. g3 e6 10. f4 Qd6 11. Qxd6 Bxd6 12. Nb5 Bb8 13. O-O-O Ke7 14. Bg2 h4
15. Kb1 Rg8 16. Rd3 a6 17. Nc3 Bxf4 18. gxf4 Rxg2 19. Rh3 Rg4 20. Rf1 d6 21.
Nd1 Bd7 22. Ne3 Rg7 23. Rxh4 Rag8 24. c3 b5 25. Kc2 Bc8 26. Nd4 Bb7 27. Kd3 Kd8
28. Rh6 Nb8 29. b4 Nd7 30. h4 Rg3 31. Rf3 f5 32. Rxg3 Bxe4+ 33. Ke2 Rxg3 34.
Rh8+ Ke7 35. Kf2 Rh3 36. h5 Nf6 37. h6 Nh5 38. Ne2 Rh2+ 39. Kg1 Rh1+ 40. Kf2
Rh4 41. a3 e5 42. fxe5 dxe5 43. Rb8 f4 44. Nd5+ Bxd5 45. h7 Nf6 46. h8=Q Rxh8
47. Rxh8 Ng4+ 48. Kg1 Bc4 0-1